Redatam Informa : Software para procesar y mapear datos y censos y encuestas para análisis local y regional.

Detalles Bibliográficos
Formato: Revista
Lenguaje:inglés
Publicado: Santiago, Chile Centro Latinoamericano y Caribeño de Demografía (CELADE / CEPAL 2000
Acceso en línea:

MARC

LEADER 00000cas a2200000 a 4500
001 038921
003 UAHC_CL
005 20170803124320.0
008 120628b xx j 000 1 eng
022 |a 10175628 
040 |a UAHC_CL  |c UAHC_CL  |d UAHC_CL 
245 1 0 |a Redatam Informa :  |b Software para procesar y mapear datos y censos y encuestas para análisis local y regional. 
260 |b Centro Latinoamericano y Caribeño de Demografía (CELADE / CEPAL  |a Santiago, Chile  |c 2000 
900 |a REDATAM 
942 |c REV 
952 |0 0  |1 0  |4 0  |6 REDATAM__DIC_00_000000000000000  |7 0  |8 General  |9 74432  |a BC  |b BC  |c General  |d 2017-08-03  |l 0  |o REDATAM.-Dic/00  |p 1405319  |r 2024-12-12 00:00:00  |t 1  |w 2017-08-03  |y REV 
952 |0 0  |1 0  |4 0  |6 REDATAM__DIC_02_000000000000000  |7 0  |8 General  |9 74433  |a BC  |b BC  |c General  |d 2017-08-03  |l 0  |o REDATAM.-Dic/02  |p 1405320  |r 2019-01-03 00:00:00  |t 1  |w 2017-08-03  |y REV 
952 |0 0  |1 0  |4 0  |6 REDATAM__DIC_03_000000000000000  |7 0  |8 General  |9 74434  |a BC  |b BC  |c General  |d 2017-08-03  |l 0  |o REDATAM.-Dic/03  |p 1405321  |r 2019-01-03 00:00:00  |t 1  |w 2017-08-03  |y REV 
952 |0 0  |1 0  |4 0  |6 REDATAM__DIC_04_000000000000000  |7 0  |8 General  |9 74435  |a BC  |b BC  |c General  |d 2017-08-03  |l 0  |o REDATAM.-Dic/04  |p 1405322  |r 2019-01-03 00:00:00  |t 1  |w 2017-08-03  |y REV 
952 |0 0  |1 0  |4 0  |6 REDATAM__DIC_05_000000000000000  |7 0  |8 General  |9 74436  |a BC  |b BC  |c General  |d 2017-08-03  |l 0  |o REDATAM.-Dic/05  |p 1405323  |r 2019-01-03 00:00:00  |t 1  |w 2017-08-03  |y REV 
952 |0 0  |1 0  |4 0  |6 REDATAM__OCT_07_000000000000000  |7 0  |8 General  |9 74437  |a BC  |b BC  |c General  |d 2017-08-03  |l 0  |o REDATAM.-Oct/07  |p 1405324  |r 2019-01-03 00:00:00  |t 1  |w 2017-08-03  |y REV 
952 |0 0  |1 0  |4 0  |6 REDATAM__DIC_08_000000000000000  |7 0  |8 General  |9 74438  |a BC  |b BC  |c General  |d 2017-08-03  |l 0  |o REDATAM.-Dic/08  |p 1405325  |r 2019-01-03 00:00:00  |t 1  |w 2017-08-03  |y REV 
952 |0 0  |1 0  |4 0  |6 REDATAM__DIC_09_000000000000000  |7 0  |8 General  |9 74439  |a BC  |b BC  |c General  |d 2017-08-03  |l 0  |o REDATAM.-Dic/09  |p 1405326  |r 2019-01-03 00:00:00  |t 1  |w 2017-08-03  |y REV 
952 |0 0  |1 0  |4 0  |6 REDATAM__DIC_10_000000000000000  |7 0  |8 General  |9 74440  |a BC  |b BC  |c General  |d 2017-08-03  |l 0  |o REDATAM.-Dic/10  |p 1405327  |r 2019-01-03 00:00:00  |t 1  |w 2017-08-03  |y REV 
952 |0 0  |1 0  |4 0  |6 REDATAM__DIC_11_000000000000000  |7 0  |8 General  |9 74441  |a BC  |b BC  |c General  |d 2017-08-03  |l 0  |o REDATAM.-Dic/11  |p 1405328  |r 2019-01-03 00:00:00  |t 1  |w 2017-08-03  |y REV 
952 |0 0  |1 0  |4 0  |6 REDATAM__DIC_11_000000000000000  |7 0  |8 General  |9 74442  |a BC  |b BC  |c General  |d 2017-08-03  |l 0  |o REDATAM.-Dic/11  |p 1405329  |r 2019-01-03 00:00:00  |t 2  |w 2017-08-03  |y REV 
999 |c 38921  |d 38921